000 01370nam0a2200385 4500
001 RU\NLR\bibl\212466
005 20250619101350.0
010 _a5-88405-033-X
_94500
021 _aRU
_b2001-32434
_91544
035 _a(NLR Aleph) 000208643
090 _a1210686
_c1210686
100 _a20011129d2001 |||y0rusy50 ca
101 0 _arus
102 _aRU
105 _aa |||||||||
200 1 _a"Последняя миля" на медных кабелях
_fЮ. А. Парфенов, Д. Г. Мирошников
210 _aМ.
_cЭКО-трендз
_d2001
215 _a221, [1] с.
_cил.
_d23
225 1 _aИнженерная энциклопедия "Технологии электронных коммуникаций"
320 _aБиблиогр.: с. 216-218
606 0 _aТелефонные кабели
_91344477
_3RU\NLR\auth\66560857
610 0 _aКабельные линии связи
675 _a621.39.052.3
_v3
_zrus
686 _a49
_2rugasnti
686 _a32.88
_2rubbk
686 _aЗ843.232.4
700 1 _aПарфенов
_gЮрий Алексеевич
_4070
701 1 _aМирошников
_gДмитрий Геннадьевич
_4070
801 0 _aRU
_bRKP
_c20011129
_gPSBO
801 1 _aRU
_bRKP
_c20011129
801 2 _aRU
_bNLR
_c20020122
_grcr
942 _cBOOK
980 _aNB